| 000 | 00663nam a2200205 i 4500 | ||
|---|---|---|---|
| 001 | bg | ||
| 245 | 7 | 0 |
_aLaboratorium automatyki : _bpraca zbiorowa / _c[Aut. Karol Cupiał i in.] ; Politechnika Częstochowska. |
| 260 |
_aCzęstochowa : _bWydaw. PC, _c1991. |
||
| 300 |
_a168 s. : _brys., wykr. ; _c24 cm. |
||
| 504 | _aBibliogr. przy rozdz. | ||
| 521 | _aSkrypt uczelniany dla studentów Wydziału Budowy Maszyn i Inżynierii Środowiska. | ||
| 650 | 9 | _aAutomatyka | |
| 655 | _aPodręczniki akademickie | ||
| 700 | 1 | _aCUPIAŁ, Karol. | |
| 040 | _cBPK | ||
| 041 | 0 | _apl | |
| 080 | _a681.5(075.8) | ||
| 942 | _cKS | ||
| 008 | s pl f |000 0 pol | ||
| 999 |
_c6229 _d6229 |
||
| 856 |
_uhttp://koha.tu.koszalin.pl/cgi-bin/koha/opac-detail.pl?biblionumber=6229 _yKatalog online BPK |
||